000 00332nam a22001457a 4500
003 OSt
005 20220104111934.0
008 220104b |||||||| |||| 00| 0 eng d
020 _a0240516710
040 _cHU
082 _a006.696
100 _aKuperberg
_927060
245 _aA Guide To Computer Animation
942 _2ddc
_cBOOKS
_n0
999 _c25954
_d25954